| 000 | 01137cab a2200265 4500 | ||
|---|---|---|---|
| 001 | ABS58936 | ||
| 008 | 090401t1998 xxu||||| |||| 00| 0 eng d | ||
| 035 | _a(Sirsi) u86900 | ||
| 041 | _aeng | ||
| 100 | _aRead, R. | ||
| 245 | _aMetropolitan lines | ||
| 260 | _c1998 | ||
| 350 | _a0 | ||
| 490 |
_aPlanning (for the Natural and Built Environment) _v(1271) 5 June 1998, 18(1) |
||
| 520 | _aDiscusses the metropolitan regions of Europe and the formation of the Network of European Metropolitan Regions and Areas (Metrex), a network of practitioners engaged in spatial planning and development at the metropolitan level in Europe. Considers the role of the European Spatial Development Perspective (ESDP) and the proposal to set up a European Spacial Planning Observatory (Espon) to provide insight and information to policy-makers at European level. | ||
| 650 | _aEUROPE | ||
| 650 | _aEUROPEAN SPATIAL PLANNING PERSPECTIVE | ||
| 650 | _aPLANNING SYSTEM | ||
| 650 | _aSPATIAL PLANNING | ||
| 650 | _aSTRUCTURAL FUNDS | ||
| 650 | _aURBAN POLICY | ||
| 690 | _aPLANNING LAW AND PRACTICE | ||
| 942 | _n0 | ||
| 948 | _c18/06/1998 | ||
| 999 |
_c54722 _d54722 |
||